Elektronická komunikácia v cestovnom ruchu bakalárska práca

Salvato in:
Dettagli Bibliografici
Autore principale: Novotová, Jana
Ente Autore: Obchodná fakulta EU. Katedra informatiky obchodných firiem
Altri autori: Potisková, Ingrid
Natura: Libro
Lingua:slovacco
Pubblicazione: Bratislava 2013
Tags: Aggiungi Tag
Nessun Tag, puoi essere il primo ad aggiungerne!!

MARC

LEADER 00000nbm a2200000 4500
001 0171222
005 20161109112024.2
041 0 |a slo 
044 |a SK 
245 1 0 |a Elektronická komunikácia v cestovnom ruchu  |b bakalárska práca  |c Jana Novotová ; školiteľ: Ingrid Potisková 
264 1 |a Bratislava  |c 2013 
300 |a 48 s. 
100 1 |a Novotová, Jana 
700 1 |a Potisková, Ingrid 
710 2 |a Obchodná fakulta EU. Katedra informatiky obchodných firiem